Ziguezague (Registo nº 5975)
[ vista simples ]
| 000 -Etiqueta do registo | |
|---|---|
| Valores | 01248cam a2200241 4500 |
| 010 ## - Número ISBN | |
| ISBN | 9722018175 |
| 021 ## - Número do Depósito Legal | |
| Número | 151448/00 |
| 100 ## - Dados gerais de processamento | |
| Dados gerais | 20211231d2000 m||y0pory5003 ba |
| 200 1# - Titulo e menção de responsabilidade | |
| Título próprio | Ziguezague |
| Primeira menção de responsabilidade | Landon J. Napoleon |
| Outras menções de responsabilidade | trad. José Vieira de Lima |
| 210 #9 - Publicação | |
| Local de publicação | Lisboa |
| Nome do editor | Dom Quixote |
| Data de publicação | 2000 |
| 215 ## - Descrição física | |
| Paginação / Volumes | 258, [5] p. |
| 225 2# - Colecção | |
| Título próprio da colecção | Ficção universal |
| Indicação de volume | 240 |
| 304 ## - Nota relativa ao título | |
| Texto de nota | Tít. orig.: Zig zag |
| 330 ## - Sumário ou Resumo | |
| Texto da nota | Louis Fletcher, aliás ZigueZague, é um rapaz negro que leva pancada do pai, lava pratos num restaurante de terceira categoria e está convencido que tem superpoderes. Com quinze anos, ZigueZague, fala, pensa, e age como um menino de dez, e tem uma noção muito particular do espaço e do tempo.<br/>A história é contada, através do discurso directo de ZigueZague, sem recorrer nunca a qualquer narração exterior ao próprio protagonista, o que faz deste primeiro romance de Landon J. Napoleon, um livro singular, ao mesmo tempo divertido e comovente. |
| 606 ## - Nome comum usado como assunto | |
| ID Autoridade | 13 |
| Palavra de ordem | Literatura Estrangeira |
| 675 ## - CDU | |
| Notação | 821.111(73)-31"19" |
| Edição | BN |
| Língua | por |
| 700 ## - Autor principal (pessoa individual) | |
| Apelido | Napoleon |
| Nome | Landon J. |
| Datas | 1964- |
| ID Autoridade | 5654 |
| 702 ## - Autor secundário (pessoa individual) | |
| Apelido | Lima |
| Nome | José Vieira de |
| Datas | 1951-2019 |
| ID Autoridade | 2095 |
| 801 ## - Fonte de origem | |
| País | PT |
| Agência | BMVN |
| Regras de catalogação | RPC |
| 830 ## - Notas gerais do catalogador | |
| Criado por | Inês Silva |
| Data de criação | 31/12/2021 |
| 990 ## - Elementos KOHA | |
| Tipo de documento | Livro |
| Situação do levantamento | Biblioteca de origem | Código de barras | Cota | Permissão de empréstimo | Tipo de documento | Forma de aquisição |
|---|---|---|---|---|---|---|
| Biblioteca Municipal de Vendas Novas | 100000026316 | LE NAP/ZIG | Livro |